<?xml version="1.0" encoding="UTF-8"?>
<record
    xmlns:xsi="http://www.w3.org/2001/XMLSchema-instance"
    xsi:schemaLocation="http://www.loc.gov/MARC21/slim http://www.loc.gov/standards/marcxml/schema/MARC21slim.xsd"
    xmlns="http://www.loc.gov/MARC21/slim">

  <leader>00792nam a2200145Ia 4500</leader>
  <controlfield tag="008">100204s9999    xx            000 0 und d</controlfield>
  <datafield tag="082" ind1=" " ind2=" ">
    <subfield code="b">24260</subfield>
  </datafield>
  <datafield tag="100" ind1=" " ind2=" ">
    <subfield code="a">&#x92D;&#x93E;&#x935;&#x947;  &#x938;&#x930;&#x93F;&#x924;&#x93E;   &#x930;&#x93E;.</subfield>
  </datafield>
  <datafield tag="245" ind1=" " ind2=" ">
    <subfield code="a">&#x905;&#x935;&#x918;&#x947;&#x91A;&#x93F; &#x905;&#x932;&#x94C;&#x915;&#x93F;&#x915; &#x915;&#x948;. &#x915;&#x93F;&#x936;&#x94B;&#x930; &#x92A;&#x94B;&#x933; &#x92F;&#x93E;&#x902;&#x91A;&#x94D;&#x92F;&#x93E; &#x91C;&#x940;&#x935;&#x928;&#x938;&#x902;&#x918;&#x930;&#x94D;&#x937;&#x93E;&#x91A;&#x940; &#x915;&#x925;&#x93E;</subfield>
  </datafield>
  <datafield tag="260" ind1=" " ind2=" ">
    <subfield code="b">"&#x909;&#x924;&#x94D;&#x915;&#x930;&#x94D;&#x937;  &#x92A;&#x94D;&#x930;&#x915;&#x93E;&#x936;&#x928;, &#x92A;&#x941;&#x923;&#x947;"</subfield>
    <subfield code="c">2000</subfield>
  </datafield>
  <datafield tag="300" ind1=" " ind2=" ">
    <subfield code="a">236</subfield>
  </datafield>
  <datafield tag="630" ind1=" " ind2=" ">
    <subfield code="a">&#x905;&#x935;&#x918;&#x947;&#x91A;&#x93F; &#x905;&#x932;&#x94C;&#x915;&#x93F;&#x915; &#x915;&#x948;. &#x915;&#x93F;&#x936;&#x94B;&#x930; &#x92A;&#x94B;&#x933; &#x92F;&#x93E;&#x902;&#x91A;&#x94D;&#x92F;&#x93E; &#x91C;&#x940;&#x935;&#x928;&#x938;&#x902;&#x918;&#x930;&#x94D;&#x937;&#x93E;&#x91A;&#x940; &#x915;&#x925;&#x93E;</subfield>
  </datafield>
  <datafield tag="730" ind1=" " ind2=" ">
    <subfield code="a">&#x905;&#x935;&#x918;&#x947;&#x91A;&#x93F; &#x905;&#x932;&#x94C;&#x915;&#x93F;&#x915; &#x915;&#x948;. &#x915;&#x93F;&#x936;&#x94B;&#x930; &#x92A;&#x94B;&#x933; &#x92F;&#x93E;&#x902;&#x91A;&#x94D;&#x92F;&#x93E; &#x91C;&#x940;&#x935;&#x928;&#x938;&#x902;&#x918;&#x930;&#x94D;&#x937;&#x93E;&#x91A;&#x940; &#x915;&#x925;&#x93E;</subfield>
  </datafield>
  <datafield tag="942" ind1=" " ind2=" ">
    <subfield code="c">BOOK</subfield>
  </datafield>
  <datafield tag="999" ind1=" " ind2=" ">
    <subfield code="c">469441</subfield>
    <subfield code="d">469438</subfield>
  </datafield>
  <datafield tag="952" ind1=" " ind2=" ">
    <subfield code="0">0</subfield>
    <subfield code="1">0</subfield>
    <subfield code="4">0</subfield>
    <subfield code="7">0</subfield>
    <subfield code="a">NCKMULUND</subfield>
    <subfield code="b">NCKMULUND</subfield>
    <subfield code="d">2000-04-05</subfield>
    <subfield code="g">236.00</subfield>
    <subfield code="l">0</subfield>
    <subfield code="o">24260</subfield>
    <subfield code="p">NCKMULUND-24260</subfield>
    <subfield code="r">2010-02-04 00:00:00</subfield>
    <subfield code="v">236.00</subfield>
    <subfield code="w">2010-02-04</subfield>
    <subfield code="y">BOOK</subfield>
  </datafield>
</record>
